BARRONS GMAT (Registro nro. 46547)
[ vista simple ]
| 000 -LEADER | |
|---|---|
| fixed length control field | 00859nam a2200205 a 4500 |
| 001 - CONTROL NUMBER | |
| control field | 46547 |
| 005 - DATE AND TIME OF LATEST TRANSACTION | |
| control field | 20180714030145.0 |
| 008 - FIXED-LENGTH DATA ELEMENTS--GENERAL INFORMATION | |
| fixed length control field | 140415s2001 000 0 spa d |
| 020 ## - INTERNATIONAL STANDARD BOOK NUMBER | |
| International Standard Book Number | 0764174592 |
| 041 ## - LANGUAGE CODE | |
| Language code of text/sound track or separate title | spa |
| 082 ## - DEWEY DECIMAL CLASSIFICATION NUMBER | |
| Classification number | 650.076 |
| Item number | JAF |
| 100 1# - MAIN ENTRY--PERSONAL NAME | |
| Personal name | JAFFE, EUGENE D. |
| 245 10 - TITLE STATEMENT | |
| Title | BARRONS GMAT |
| 250 ## - EDITION STATEMENT | |
| Edition statement | 12ed. |
| 260 ## - PUBLICATION, DISTRIBUTION, ETC. | |
| Place of publication, distribution, etc. | [s.l.] : |
| Name of publisher, distributor, etc. | BARRONS EDUCATIONAL SERIES, INC., |
| Date of publication, distribution, etc. | 2001 |
| 300 ## - PHYSICAL DESCRIPTION | |
| Extent | 536 |
| Dimensions | 27.7 x 19.9 x 2.6 |
| 520 ## - SUMMARY, ETC. | |
| Summary, etc. | ESTE ES UN LIBRO QUE HABLA ACERCADEL GMAT QUE EN INGLES SIGNIFICA ( HOW TO PREPARE FOR THE GRADUARTE MANAGEMENTE ADMISSION TEST). ESTE LIBRO PLANEA TODA UNA ESTRATEGIA DE CÓMO TE PUEDES PREPARAR PARA EL EXAMEN PROFESIONAL EN GMTA. DA TODA UNA EXPLICACIÓN PROFUNDA DE TEMAS Y PROBLEMAS PARA RESOLVER. |
| 650 14 - SUBJECT ADDED ENTRY--TOPICAL TERM | |
| Topical term or geographic name entry element | ADMINISTRACION |
| General subdivision | CIENCIAS ADMINISTRATIVAS |
| 700 1# - ADDED ENTRY--PERSONAL NAME | |
| Personal name | HILBERT, STEPHEN |
| Relator term | coaut. |
| Withdrawn status | Lost status | Source of classification or shelving scheme | Damaged status | Not for loan | Collection code | Home library | Current library | Shelving location | Date acquired | Source of acquisition | Inventory number | Total Checkouts | Full call number | Barcode | Date last seen | Price effective from | Koha item type |
|---|---|---|---|---|---|---|---|---|---|---|---|---|---|---|---|---|---|
| Dewey Decimal Classification | General | Biblioteca Karol Wojtyla | Biblioteca Karol Wojtyla | Sala general | 03/12/2013 | Compra | 151000000000000000025317 | 650.076 JAF 2001 | 69792 | 05/01/2026 | 05/01/2015 | Reserva permanente |